LEADER 00876nam0 2200265 450 001 000005957 005 20051021134019.0 010 $a88-13-23306-X 100 $a20051021d2001----km-y0itay50------ba 101 0 $aita 102 $aIT 200 1 $a<>consenso al trattamento dei dati personali$fPaola Manes 210 $aPadova$cCedam$d2001 215 $a155 p.$d24 cm 225 2 $aLe Monografie di Contratto e Impresa$fSerie diretta da Francesco Galgano$v61 300 $aCopia omaggio 410 0$12001$aLe Monografie di Contratto e Impresa 610 1 $aDiritto alla riservatezza$aTutela$aItalia 676 $a342.450858 700 1$aManes,$bPaola$0268330 801 0$aIT$bUNIPARTHENOPE$c20051021$gRICA$2UNIMARC 912 $a000005957 951 $a342-C/10$b37854$cNAVA1$d2005 996 $aConsenso al trattamento dei dati personali$9677852 997 $aUNIPARTHENOPE LEADER 00989nam0 22002651i 450 001 UON00390892 005 20231205104611.388 100 $a20110405d1986 |0itac50 ba 101 $aita 102 $aIT 105 $a|||| ||||| 200 1 $aJohn Schlesinger$fClaver Salizzato 210 $aFirenze$cLa Nuova Italia$d1986 215 $a110 p.$d18 cm. - 410 1$1001UON00173461$12001 $aˆIl ‰Castoro Cinema$1210 $aFirenze$cLa Nuova Italia$v123 620 $aIT$dFirenze$3UONL000052 676 $a791.43$cSpettacoli pubblici. Cinema$v21 700 1$aSalizzato$bClaver$3UONV118141$00 712 $aLa Nuova Italia$3UONV245954$4650 801 $aIT$bSOL$c20250516$gRICA 899 $aSIBA - SISTEMA BIBLIOTECARIO DI ATENEO$2UONSI 912 $aUON00390892 950 $aSIBA - SISTEMA BIBLIOTECARIO DI ATENEO$dSI VI c 9 0485 $eSI LO 35980 5 0485 $sBuono 996 $aJohn Schlesinger$9969020 997 $aUNIOR